000 00367nam a2200157Ia 4500
003 Ost
005 20260225132555.0
008 260225s9999||||xx |||||||||||||| ||und||
040 _cfsic
041 _afre
082 _a440
100 _aShakir Nouri
_eAuteur
245 2 _aA La recherche du cinéma irakien 1945-1985 /
245 0 _cShakir Nouri
942 _cكتاب
999 _c34424
_d34424